Регионална библиотека "Любен Каравелов" - Русе

Die Grundprobleme des Marxismus (Запис номер 402534)

MARC детайли
000 -Лидер
Контролно поле с фиксирана дължина nam a22 a 4500
003 - Код на организацията, давaща контролен номер
Контролно поле BLK
005 - Дата и час на последна редакция
Контролно поле 20210405135515.0
008 - Елементи от данни с фиксирана дължина
fixed length control field 180410b bul|||||r ||||||| ||bul||
040 ## - Източник на каталожния запис
Идентификатор на билиотеката - собственик на записа BLK
041 ## - Код за език
Код за езика на текст/звукозапис или на отделно заглавие Немски
Код за езика КДБФ Немски
080 ## - УДК
Текстов определител УДК Марксистко-ленинска социология
УДК код - определител по УДК 316.26
УДК - код + определител 316.26
100 1# - Редна дума - Автор
Автор Плеханов, Георгий Валентинович
Авторска отговорност първи автор
R(LIN) 111172
139 ## - Редно поле
Редна дума Плеханов, Георгий Валентинович
245 10 - Сведения за заглавието
Заглавие Die Grundprobleme des Marxismus
Редно поле (дума) Georgij Valentinovič Plehanov
257 ## - Страна на издаване
Страна на създаване/издаване Германия
260 ## - Област на издателските данни
Място на издаване, разпространение и проч. Stuttgart
Име на издателя, разпространителя и проч. Dietz
Година на издаване 1910
300 ## - Физическа характеристика
Страници 112 р.
Размери/Мащаб 20 см
380 ## - Жанр
Жанр Обществени науки
490 ## - СЕРИИ (Колекции)
9 (RLIN) 207634
Име на серия Kleine Bibiothek
№: серия 7
650 #0 - Допълнително описание по предмет – тема
Основно описание – тема или топоним Марксизъм-ленинизъм - философия
9 (RLIN) 277200
852 ## - Местоположение
Форматна сигнатура Цб 3.195.14110
Фондова буква Хранилище
856 4# - Електронен адрес и достъп
Електронен формат pdf - файл
856 4# - Електронен адрес и достъп
Електронен формат pdf - файл
999 ## - СИСТЕМНИ КОНТРОЛНИ НОМЕРА
Koha biblionumber 402534
Koha biblioitemnumber 402534
942 ## - АРТИКУЛИ
Вид на библиотечния материал Книги
Скрит в OPAC Не
Периодичен библиозапис Да
944 ## - СЪЗДАВАНЕ И РЕДАКЦИЯ на ЗАПИСА
Създаване/Редакция Създаване
Дата на регистрацията/редакция 2021-03-24
Служител, извършил регистрацията/редакцията НР
999 ## - СИСТЕМНИ КОНТРОЛНИ НОМЕРА
Koha biblioitemnumber 402534
Наличности
Код за отписване Код за изгубен артикул Източник на класификационната схема Код за повреда Коз за рестрикции Код за отдаване Артикулен № Име на библиотеката - собственик Име на библиотеката, в която се намира в момента Статус (Текущо местоположение) Дата на вписване в системата Местоположение - отдел Цена в лева Инвентарен номер Систематично азбучна сигнатура Баркод Цена в евро Служебен тип на артикула
  Не е изгубен Universal Decimal Classification Не е повреден само за читалня ползва се в читалня 818622 Регионална библиотека "Любен Каравелов" Русе Регионална библиотека "Любен Каравелов" Русе Хранилище 2021-03-31 Основен фонд - ползва се само за читалня 0.22 14110 Цб 3.195.14110 900000042383 0.11 Книги
Vip Innovations Ltd, Rousse, Bulgaria 2025